test de rapidite/ deux lettres - Statistiques

Statistiques générales
  • Ce quiz a été pris 115 fois
  • Le résultat moyen est 13 sur 15
Statistiques - réponses
AZ AZ % Correct
A A
100%
Z Z
95%
B B
93%
C C
92%
E E
92%
D D
89%
X X
88%
Y Y
88%
F F
87%
V V
87%
W W
85%
G G
80%
U U
76%
H H
72%
T T
71%
Aucun quiz correspondant
Distribution des résultats
% des personnes avec chaque résultat
Percentile par nombre de réponses
Votre historique - résultats
Vous n’avez pas pris ce quiz